[Event "Kendrapara Umar Ali Memorial"]
[Site "Kendrapara"]
[Date "2017.12.27"]
[Round "8"]
[White "Debata, Sarthak"]
[Black "Samal, Ansuman"]
[Result "0-1"]
[WhiteElo "1790"]
[BlackElo "2022"]
[PlyCount "34"]
[EventDate "2017.12.25"]
[EventType "swiss"]
[EventRounds "9"]
[EventCountry "IND"]
[SourceTitle "EXT 2019"]
[Source "ChessBase"]
[SourceDate "2018.10.10"]
[SourceVersion "1"]
[SourceVersionDate "2018.10.10"]
[SourceQuality "1"]

1. d4 Nf6 2. Nf3 g6 3. c4 Bg7 4. Nc3 d6 5. Bg5 h6 6. Bh4 g5 7. Bg3 Nh5 8. e3 g4 9. Nh4 Bf6 10. Be2 Rg8 11. Qc2 e6 12. Bxg4 Rxg4 13. Qe2 Nxg3 14. hxg3 e5 15. 0-0-0 Bxh4 16. gxh4 Nc6 17. Qf3 Rg6 0-1